000 00785nam a22002417a 4500
003 UA-OsUOA
001 40990
007 ta
008 20080709b un ||||| |||| 00| 0 ukr d
100 _aАнтонович Володимир
090 _a27(477)
_bА72
942 _cBK
040 _aUA-OsUOA
_bukr
_cUA-OsUOA
_dUA-OsUOA
245 _aЩо принесла Україні унія
300 _a132 с.
955 _a1
041 _aukr
080 _a27(477)
260 _aВінніпег
_b"Еклезія"
_c1991
246 3 1 _aСтан Української Православної Церкви від половини ХVІІ до кінця ХVІІІ ст.
650 7 _a27 Загальна історія Християнської церкви
_2UDC
999 _c439493
_d439493